Central Library OPAC University of Rajshahi

The hero and the crowd in a colonial polity / (Record no. 40813)

MARC details
000 -LEADER
fixed length control field 00849nam a2200253 a 4500
001 - CONTROL NUMBER
control field 40813
003 - CONTROL NUMBER IDENTIFIER
rucl marc code BD-RjUL
005 - DATE AND TIME OF LATEST TRANSACTION
control field 20211209053301.0
008 - FIXED-LENGTH DATA ELEMENTS--GENERAL INFORMATION
fixed length control field 160510s1968 us 001 0 eng d
035 ## - SYSTEM CONTROL NUMBER
System control number 40928
040 ## - CATALOGING SOURCE
Original cataloging agency BD-RjUL
Language of cataloging eng
Transcribing agency BD-RjUL
041 ## - LANGUAGE CODE
Language code of text/sound track or separate title eng
082 ## - DEWEY DECIMAL CLASSIFICATION NUMBER
Edition number 23
Classification number 325.31
Author mark and year SIH 1968
100 1# - MAIN ENTRY--PERSONAL NAME
Personal name Singham, A. W.
9 (RLIN) 125590
245 14 - TITLE STATEMENT
Title The hero and the crowd in a colonial polity /
Statement of responsibility, etc. by A.W. Singham.
260 ## - PUBLICATION, DISTRIBUTION, ETC. (IMPRINT)
Place of publication, distribution, etc. New Haven ;
-- London :
Name of publisher, distributor, etc. Yale University Press,
Date of publication, distribution, etc. 1968.
300 ## - PHYSICAL DESCRIPTION
Pagination xiv, 389 p. :
Illustrations maps, ports. ;
Size 23 cm.
490 1# - SERIES STATEMENT
Series statement Caribbean series ;
Volume/sequential designation 12
650 #0 - SUBJECT ADDED ENTRY--TOPICAL TERM
Topical term or geographic name as entry element Constitutional law
Geographic subdivision Grenada
General subdivision History.
9 (RLIN) 125591
651 #0 - SUBJECT ADDED ENTRY--GEOGRAPHIC NAME
Geographic name Grenada
General subdivision Economic conditions.
9 (RLIN) 125592
Geographic name Grenada
General subdivision Politics and government
Chronological subdivision To 1974.
9 (RLIN) 125593
830 #0 - SERIES ADDED ENTRY--UNIFORM TITLE
Uniform title Caribbean series (New Haven, Conn.) ;
Volume number/sequential designation 12
942 ## - ADDED ENTRY ELEMENTS (KOHA)
Source of classification or shelving scheme Dewey Decimal Classification
Koha item type Books
Holdings
Lost status Source of classification or shelving scheme Damaged status Not for loan Collection code Permanent Location Current Location Shelving location Date acquired Source of acquisition Cost, normal purchase price Total Checkouts Full call number Date last seen Copy number Koha item type
  Dewey Decimal Classification   Not For Loan Non-fiction Central Library, University of Rajshahi Central Library, University of Rajshahi Reading Room 29/06/2010 Zeilinger 90.00   325.31 SIH 1968 10/05/2016 C-1 Books